000
00321nam a2200145Ia 4500
008
230718s9999 xx 000 0 und d
041
_a
Eng.
082
_a
33.89
_b
AYU-H
100
_a
Ayub
245
0
_a
Hum garib Ku?
260
_a
Pakistan
_b
Jamhori Publications
_c
2017
300
_a
221
650
_a
Law
999
_c
31611
_d
31611